000 00472pab a2200169 454500
008 180718b2007 xxu||||| |||| 00| 0 eng d
100 _aVolker, Beate
245 _aSixteen million neighbors: a multilevel study of the role of neighbors in the personal networks of the Dutch
260 _c2007
300 _ap.256-84.
362 _aNov
650 _aNeighbouring rights
700 _aFlap, Henk
773 _aUrban Affairs Quarterly
908 _aN
909 _a78101
999 _c78101
_d78101